Statistiques concernant Grille de mots #1

Cliquez ici pour prendre le quiz!

Statistiques générales

  • Ce quiz a été pris 725 fois
  • Le résultat moyen est 67 sur 87

Statistiques - réponses

Place de la lettreRéponses% Correct
1 AR
88%
1 BE
87%
6 GE
87%
6 HA
86%
1 DL
86%
6 FT
86%
3 JI
85%
1 CE
84%
1 EL
84%
9 JS
84%
8 JE
82%
1 FE
82%
1 HE
82%
7 JR
82%
4 JR
82%
1 JT
82%
9 IE
81%
1 GM
81%
1 IN
81%
6 JP
81%
9 FA
80%
2 DE
80%
3 CE
80%
3 AI
80%
3 BL
80%
3 IQ
80%
9 AU
80%
7 IA
79%
9 EC
79%
9 GN
79%
4 EO
79%
9 HT
79%
4 HC
78%
2 GE
78%
2 EE
78%
9 DI
78%
9 BR
78%
9 CT
78%
4 IU
78%
2 AA
77%
4 FB
77%
2 HL
77%
4 GS
77%
7 HV
77%
3 EC
76%
10 IS
76%
2 IU
76%
5 IE
75%
10 HE
75%
10 FI
75%
8 IL
75%
5 EN
75%
3 GS
75%
3 FA
74%
8 AE
74%
5 GI
74%
10 GN
74%
2 BP
74%
8 HA
73%
5 FA
73%
7 DA
73%
8 BD
73%
6 CE
73%
6 BE
73%
6 AN
73%
7 AN
73%
8 EO
73%
10 AR
73%
7 ER
73%
5 HR
73%
8 FR
73%
6 DS
73%
7 FT
73%
10 BU
73%
10 CE
72%
8 GI
72%
2 CN
72%
5 AO
72%
5 DI
71%
8 CI
71%
4 BO
71%
5 BR
71%
10 DS
71%
4 AS
71%
5 CD
70%
4 CI
70%
8 DT
70%

Distribution des résultats

Percentile par nombre de réponses

% des personnes avec chaque résultat

Votre développement - résultats

Vous n’avez pas pris ce quiz